|
|
|
|
| LEADER |
00000nam0a2200000 4500 |
| 001 |
46043 |
| 005 |
20231031024314.0 |
| 010 |
|
|
|a 5922100823
|
| 035 |
|
|
|a (RuTPU)RU\TPU\book\47953
|
| 090 |
|
|
|a 46043
|
| 100 |
|
|
|a 20021219d2001 k y0rusy50 ca
|
| 101 |
0 |
|
|a rus
|
| 102 |
|
|
|a RU
|
| 105 |
|
|
|a a z 001zy
|
| 200 |
1 |
|
|a Физика молнии и молниезащиты
|f Э. М. Базелян, Ю. П. Райзер
|
| 210 |
|
|
|a Москва
|c Физматлит
|d 2001
|
| 215 |
|
|
|a 320 с.
|c ил.
|
| 320 |
|
|
|a Предм. указ.: с. 316-319.
|
| 610 |
1 |
|
|a геофизика
|
| 610 |
1 |
|
|a молниезащита
|
| 610 |
1 |
|
|a молнии
|
| 610 |
1 |
|
|a опасные воздействия
|
| 610 |
1 |
|
|a длинная искра
|
| 610 |
1 |
|
|a разряды
|
| 610 |
1 |
|
|a физические процессы
|
| 610 |
1 |
|
|a грозовые перенапряжения
|
| 675 |
|
|
|a 551.594.2
|v 3
|
| 700 |
|
1 |
|a Базелян
|b Э. М.
|g Эдуард Майерович
|
| 701 |
|
1 |
|a Райзер
|b Ю. П.
|g Юрий Петрович
|
| 801 |
|
1 |
|a RU
|b 63413507
|c 20021219
|g PSBO
|
| 801 |
|
2 |
|a RU
|b 63413507
|c 20121207
|g PSBO
|
| 900 |
|
|
|a Молниезащита
|
| 942 |
|
|
|c BK
|
| 959 |
|
|
|a 120/20051228
|d 1
|e 191
|f НФ:1
|